Estadísticas para Banderas de Países con más de 100 Millones de Habitantes

Haz click aquí para tomar la prueba!

Estadísticas generales

  • Esta prueba ha sido tomada 12.592 veces
    (4.253 desde el último reinicio)
  • La puntuación promedio es 14 de 15

Estadísticas de respuestas

Respuesta% Correcto
China
100%
Japón
100%
México
100%
Brasil
98%
Rusia
98%
Estados Unidos
97%
India
95%
Nigeria
94%
Egipto
91%
Indonesia
88%
Pakistán
88%
Bangladés
87%
Filipinas
83%
Etiopía
80%
Rep. Dem. del Congo
78%

Distribución de puntuación

Porcentaje por número respondido

Porcentaje de gente con cada puntuación

Historial de tus puntuaciones

No has tomado esta prueba desde el último reinicio